Tratado de obstetricia / (Record no. 148152)

MARC details
000 -LEADER
campo de control de longitud fija 01119nam a2200253 i 4500
001 - NÚMERO DE CONTROL
campo de control 148152
003 - IDENTIFICADOR DE NÚMERO DE CONTROL
campo de control ES-MaACL
005 - FECHA Y HORA DE LA ÚLTIMA TRANSACCIÓN
campo de control 20251001180008.0
007 - CAMPO FIJO DE DESCRIPCIÓN FÍSICA--INFORMACIÓN GENERAL
campo de control de longitud fija t|
008 - DATOS DE LONGITUD FIJA--INFORMACIÓN GENERAL
campo de control de longitud fija 070214s1931 sp r ||||1| spa d
245 00 - MENCIÓN DEL TÍTULO
Título Tratado de obstetricia /
Mención de responsabilidad, etc. escrito por los eminentes tocólogos G. Bessau ... [et al.] ; bajo la direccion del Dr. W. Stoeckel ; traducido directamente de la 3ª ed. alemana por M. Montaner de la Poza y M. Montaner Toutain ; con un prólogo del Excmo. Sr. Dr. D. Sebastián Recasens Girol.
250 ## - MENCION DE EDICION
Mención de edición 2ª ed. aum. y mejorada con 19 figuras, la mayor parte en colores y muchas de ellas nuevas.
260 ## - PUBLICACIÓN, DISTRIBUCIÓN, ETC.
Lugar de publicación, distribución, etc. Barcelona :
Nombre del editor, distribuidor, etc. Modesto Usón,
Fecha de publicación, distribución, etc. 1931 (
Fabricante Dalmau Olivares)
300 ## - DESCRIPCIÓN FÍSICA
Extensión 2 v., 2 lám. :
Otras características físicas il. ;
Dimensiones 25 cm.
650 #7 - PUNTO DE ACCESO ADICIONAL DE MATERIA--TÉRMINO DE MATERIA
Término de materia o nombre geográfico como elemento de entrada Obstetricia
Fuente del encabezamiento o término embne
9 (RLIN) 15676
700 1# - ENTRADA AGREGADA--NOMBRE PERSONAL
Nombre de persona Bessau, G.
9 (RLIN) 28596
700 1# - ENTRADA AGREGADA--NOMBRE PERSONAL
Nombre de persona Stoeckel, Walter.
9 (RLIN) 108261
700 1# - ENTRADA AGREGADA--NOMBRE PERSONAL
Nombre de persona Montaner de la Poza, M.
9 (RLIN) 82378
700 0# - ENTRADA AGREGADA--NOMBRE PERSONAL
Nombre de persona Franque, Otto von
9 (RLIN) 52340
700 1# - ENTRADA AGREGADA--NOMBRE PERSONAL
Nombre de persona Montaner Toutain, M.
9 (RLIN) 82382
700 1# - ENTRADA AGREGADA--NOMBRE PERSONAL
Nombre de persona Recasens y Girol, Sebastián,
Fechas asociadas al nombre 1863-1933
9 (RLIN) 95752
852 ## - LOCALIZACIÓN
Ubicación ES-MaACL
Número de control de estantería E-561-62
Holdings
Estatus retirado Estado de pérdida Estado de daño No para préstamo Biblioteca de origen Biblioteca actual Ubicación en estantería Fecha de adquisición Fuente de adquisición Total de préstamos Signatura topográfica completa Código de barras Visto por última vez Precio de reemplazo Tipo de ítem Koha
        Biblioteca del Ateneo de Madrid Biblioteca del Ateneo de Madrid Depósito 2 17/01/2008     E-561-62 1154611 23/02/2023 23/02/2023 Libro impreso